000 00330cam a22001097a 4500
008 180718b1984 xxu||||| |||| 00| 0 eng d
082 _aA75 M278PO/S
245 _aMaharashtra state gazetteers: Pune (supplementary)
_cedited by D.M. Torgal
260 _aBombay
_bGazeteers Department
_c1984
300 _a77+p.
700 _aTorgal, D.M.
999 _c487002
_d487002